|
|
|
|
| LEADER |
01088nam a22003137a 4500 |
| 001 |
27762 |
| 003 |
BD-DhAAL |
| 005 |
20131231110411.0 |
| 008 |
131231s2013 fi ||| | b||| 00| 0 eng d |
| 020 |
|
|
|a 9789521076718
|
| 020 |
|
|
|a 9789521076725
|
| 022 |
|
|
|a 1798-9140
|
| 022 |
|
|
|a 1798-9132
|
| 022 |
|
|
|a 1798-9140
|
| 040 |
|
|
|a BD-DhAAL
|d BD-DhAAL
|
| 082 |
|
|
|2 22
|a 301
|
| 999 |
|
|
|c 14119
|d 14119
|
| 999 |
|
|
|c 14095
|
| 100 |
|
|
|a Ashrafun, Laila.
|9 3543
|
| 245 |
|
|
|a Seeking a way out of the cage :
|b under privileged women and domestic violence in Bangladesh /
|c Laila Ashrafun
|
| 260 |
|
|
|a Helsinki :
|b The Helsinki University Press,
|c 2013
|
| 300 |
|
|
|a x, 214 p :
|b ill. ;
|c 25 cm.
|
| 490 |
|
|
|a Publications of the department of social research 2013:3
|
| 504 |
|
|
|a Includes bibliographical references (p. 194-214)
|
| 541 |
|
|
|e 27762
|
| 650 |
|
|
|a Sociology
|9 3544
|
| 852 |
|
|
|a Ayesha Abed Library
|
| 942 |
|
|
|2 ddc
|c BK
|
| 952 |
|
|
|0 0
|1 0
|2 ddc
|4 0
|6 301_000000000000000_ASH
|7 0
|9 23771
|a BRACUL
|b BRACUL
|c GEN
|d 2013-12-31
|l 1
|m 16
|o 301 ASH
|p 3010027762
|r 2022-09-04
|s 2022-06-12
|t 1
|w 2013-12-31
|y BK
|